| 000 | 00894nam a2200265 i 4500 | ||
|---|---|---|---|
| 003 | EG-GICUC | ||
| 005 | 20260424084837.0 | ||
| 008 | 260424s1965 ||| |||fr|||| 00| 0 fre d | ||
| 040 |
_aEG-GiCUC _bfre _cEG-GiCUC _dEG-GiCUC _eRda |
||
| 082 | 0 | 4 |
_221 _a343.1143 _bPA . C |
| 092 | 0 | 4 | _221 |
| 099 | _aLaw1 10 343.1143 PA . C 1965 | ||
| 100 | 1 |
_aPatin, Maurice _eAuteur |
|
| 245 | 1 | 3 |
_aLa Chambre Criminelle Et Sa Jurisprudence : _bRecueil D'études en Hommage À La Mémoire / _cDe Maurice Patin. |
| 264 | 1 |
_a[Lieu De Publication Non Précisé] : _bCujas, _c1965. |
|
| 300 |
_a772 page; _c 24 cm. |
||
| 336 |
_2rda contenu _a texte |
||
| 337 |
_2rda medias _aOrdinateur |
||
| 338 |
_2 transporteur rda _a Ressource en ligne |
||
| 650 | 1 |
_aJustice Pénale _2qrmak |
|
| 651 | 1 | _2qrmak | |
| 856 | 4 | 0 | _uhttps://fll.law.cu.edu.eg/fulltext/bks/B10-10360.pdf |
| 905 | _a54 | ||
| 942 |
_2ddc _cBK _e21 _n0 |
||
| 999 |
_c73262 _d73262 |
||